00461nam a2200169Ia 450000500170000000800410001702000150005808200250007324500430009826000590014130000250020065000140022565000100023965000110024965000120026070000190027220250123055020.0240331s9999 xx 000 0 und d a8170365422 bUBE26005a305.30954 0aSocial Reform, Sexuality and the State aNew DelhiaCaliforniaaLondonbSage Publicationsc1996 axxvi, 404 p., (C II) aSexuality aState aGender aSociety aUberoi, Peedt